Estadísticas para 7 Provincias de Galicia

Haz click aquí para intentar la prueba.

Estadísticas generales

  • Esta prueba ha sido intentada 42 veces
  • La puntuación promedio es 5 de 7

Estadísticas de respuestas

Provincia% Correcto
Lugo
94%
Ourense
94%
A Coruña
92%
Santiago
78%
Tui
44%
Betanzos
31%
Mondoñedo
31%

Distribución de puntuación

Porcentaje por número respondido

Porcentaje de gente con cada puntuación

Historial de tus puntuaciones

No has intentado esta prueba.